AP Euro Study Guide - Statistics

General Stats
  • This quiz has been taken 54 times
    49 since last reset
  • The average score is 19 of 319
Answer Stats
Plague that first struck Europe in 1348 and killed 1/3 of the population Black Death % Correct
A war between England and France from 1337 to 1453 with political and economic causes and consequences Hundred Years War
81%
A French word meaning rebirth, used to describe the rebirth of the culture of the classical antiquity in Italy during the 14th to 16th century Renaissance
59%
The division or split in church leadership from 1378 to 1417 when there were two then three popes Great Schism
43%
A council called in 1545 to reform the Catholic Church Council of Trent
35%
Members oof the Society of Jesus, whose goal was to spread the Catholic faith. Jesuits
30%
Revolutionary technology that allowed information to spread at heightened rates Printing press
30%
The “Sun King” who was the founder of French Absolutism Louis XIV
27%
A denomination of Protestantism that focuses on predestination and god's sovereignty. Calvinism
24%
A document issued by Henry IV of France in 1598 granting liberty of Conscience and of public worship to Calvinists, which helped restore peace in France. Edict of Nantes
24%
People who believed that the plague was god's punishment for sin and sought to do penance by whipping themselves Flagellants
24%
Financial support of writers and artists by cities, groups, and individuals Patronage
24%
The name originally given to followers of Luther, which came to mean all non-Catholic Western Christian groups. Protestant
24%
A nautical device that helped ships navigate the sea Compass
22%
The most Famous Christian humanist Erasmus
22%
French Calvinists who mostly lived in major cities Huguenots
22%
A document issued by the Catholic Church lessening penance of time in purgatory, widely believed to bring forgiveness of all sins Indulgences
22%
In Two Treatises of Government, this philosopher wrote that all men have natural rights of life, liberty, and property John Locke
22%
The fleet sent by Philip II of Spain in 1588 against England as a religious crusade against Protestantism. Weather and the English fleet defeated it. Spanish Armada
22%
Conflict in 1642 between the king of England and parliament English Civil War
19%
The name of a series of treaties that ended the 30 years war in 1648 and marked the end of large scale religious violence in Europe Peace of Westphalia
19%
Savage Catholic attack on Calvinists in Paris in 1572 at the wedding of Henry of Navarre Saint Bartholomew's day massacre
19%
A complex European conflict primarily fought in Central Europe, with various causes including religious tensions between Catholics and Protestants, political rivalries, and dynastic ambitions 30 years War
16%
Overblown, unbalance art style glorifying biblical events Baroque
16%
This king was executed by Parliament in 1649 and gave way to a protectorate under Oliver Cromwell Charles I
16%
The exchange of animals, plants, and disease between the old and new worlds Columbian Exchange
16%
Spanish Soldier-explorers, such as Hernán Cortes and Francisco Pizarro Conquistadors
16%
This phase of the 30 years war was when Denmark, a Protestant power, intervened to aid the Protestants, expanding the conflict beyond Bohemia. However, they were ultimately defeated by the Holy Roman Empire. Danish Phase
16%
When two Habsburg imperial officials and their secretary were thrown from a window of Prague Castle over religious disputes, sparking the 30 years war. Defenestration of Prague
16%
The replacement of one English King with another, with no bloodshed. Ensured the reign of William and Mary of Orange. Glorious Revolution
16%
Three justifications for European Colonization Gold, God, Glory
16%
A program of study designed by Italians that emphasized the critical study of Latin and Greek literature with the goal of understanding human nature. Praised the works of mankind, like Ancient Rome Humanism
16%
Scientist who wrote the Principia and synthesized the law of Universal Gravitation Isaac Newton
16%
A system of economic regulations aimed at increasing the power of the state based on the belief that a nation's international power was based on its wealth, specifically its supply of gold and silver Mercantilism
16%
This phase of the 30 years war was when Sweden, a major Protestant power, entered the war. The Swedish intervention brought a new dimension to the war, making it more continental and political. Swedish Phase
16%
In Leviathan, this philosopher wrote that life was nasty brutish and short and that a social contract was needed in which subjects placed themselves under the rule of an absolute ruler Thomas Hobbes
16%
In the Wealth of Nations, this philosopher advocated for a free market guided by the invisible hand Adam Smith
14%
This phase of the 30 years war began with a Protestant rebellion in Bohemia against Catholic Habsburg rule, sparked by the Defenestration of Prague. It was a primarily religious conflict, with the Protestants seeking independence from the Holy Roman Emperor. Bohemian Phase
14%
France, despite being Catholic, intervened to support the Protestants, primarily due to political motivations of weakening the Habsburgs. This phase saw a shift towards a more political conflict, with religious divisions becoming secondary to power struggles. French Phase
14%
This Portuguese Prince funded many of the Portuguese explorations for discovery Henry the Navigator
14%
Scientist who developed laws of planetary motion Kepler
14%
Russian King, who improved Russian infrastructure and created the Russian navy by learning from other European countries Peter the Great
14%
Members of a 16th and 17th century reform movement within the Church of England that tried to purify the Roman Catholic elements Puritans
14%
This man transformed France during the French Revolution and spearheaded the reign of terror Robespierre
14%
A global conflict that pitted major European powers against each other, with key battles fought in Europe, North America (known as the French and Indian War), and India. 1756-1763 Seven Years War
14%
The Scientific Revolution contributed to the start of this intellectual and cultural movement of the late 17th and 18th centuries that introduced a new worldview based on the use of reason, the scientific method, and progress. The Enlightenment
14%
The 1494 agreement giving Spain everything to the west of an imaginary line drawn down the Atlantic and giving Portugal everything to the east Treaty of Tordesillas
14%
A European great power conflict fought between 1701 and 1714 caused by the death of childless Charles II of Spain in November 1700, which led to a struggle for control of the Spanish Empire between supporters of the French Bourbons and the Austrian Habsburgs. War of Spanish Succession
14%
Cortes conquered this empire Aztecs
11%
A small, maneuverable, three mast sailing ship developed by the Portuguese in the 15th century that gave the Portuguese a distinct advantage in exploration and trade Caravel
11%
The three legal categories of France inhabitants: the clergy, the nobility, and everyone else. Estates
11%
This enlightened monarch drew on principles of Cameralism to reform Prussia to an extent, while having intense militaristic principles Frederick the Great
11%
Where did the Industrial Revolution start Great Britain
11%
This was used to execute thousands during the Reign of Terror Guillotine
11%
A complex political entity in Central Europe that existed from 962 to 1806, not a unitary state, but a confederation of numerous smaller states, territories, and city-states Holy Roman Empire
11%
Pizzaro conquered this empire Incas
11%
The richest city in Europe during the 18th century London
11%
This man led the voyage that first circumnavigated the world Magellan
11%
A political philosophy calling for a working-class revolution to overthrow capitalist society and establish a classless society Marxism
11%
A group of French intellectuals who were the drivers of the Enlightenment Philosophes
11%
A form of government in which there is no monarch and power rests in the hands of the people through elected representatives Republicanism
11%
Revolutionary new understanding of the universe at the end of the 17th century Scientific Revolution
11%
An act in which members of the third estate pledged not to disband until they had been recognized as a national assembly and had written a new constitution Tennis Court Oath
11%
A system of transatlantic trade that connected Europe, Africa, and the Americas, primarily during the 16th to 19th centuries. It involved the exchange of goods and, most infamously, enslaved people. Triangular Trade
11%
How many wars did Bismarck fight to unify Germany 3
8%
European powers were trying to maintain this at the Congress of Vienna Balance of Power
8%
This country/colony received the most slaves from the Atlantic Slave Trade Brazil
8%
Russian Ruler who imported western art and writers, tried domestic reform, and expanded territory. Catherine the Great
8%
A meeting of the Quadruple alliance (Russia, Prussia, Austria, and Great Britain) restoration France, and smaller European States to fashion a general peace settlement that began after that defeat of Napoleon's France in 1814 Congress of Vienna
8%
England and the Netherlands developed towards ____. A form of government in which power is limited by law and balanced between the authority and power of the government and the rights and liberties of the citizens. Constitutionalism
8%
Scientist who theorized the Heliocentric Model Copernicus
8%
Philosophe who created the encyclopedia, spreading knowledge Diderot
8%
Main export of Europe to the new world in the Columbian exchange (simple) Disease
8%
A legislative body in prerevolutionary France, made up of representatives of each of the three classes, or estates. It was called into session in 1789 for the first time since 1614 Estates General
8%
This wealthy sugarcane rich colony of France was the first colony to gain independence in 1791, as a rebellion led by Toussaint l'Overture toppled the French colonizers Haiti
8%
A term first coined in 1799 to describe the burst of major inventions and economic expansion that began in the late 18th century Industrial Revolution
8%
This man was the brains behind the Bolsheviks military operations in the Russian Civil War Leon Trotsky
8%
Austrian Ruler who reformed the church, strengthened the central bureaucracy, and improved the lives of the agricultural population Maria Theresa
8%
In 1799, this man was named first consul of the republic Napoleon
8%
The first French revolutionary legislature, made up primarily of representatives of the third estate and a few from the nobility and clergy, in session from 1789 to 1791 National Assembly
8%
The idea that each people had its own genius and specific identity that manifested itself especially in a common language and history, and often led to the desire for an independent political state Nationalism
8%
A secular, Critical way of thinking in which nothing was to be accepted on faith, and everything was to be submitted to reason Rationalism
8%
The period from 1793 to 1794 during which Robespierre's Committee of Public Safety tried and executed thousands suspected of treason and a new revolutionary culture was improved Reign of Terror
8%
Social gatherings held by rich Parisians where philosophes discussed literature, science, and philosophy Salons
8%
Failed Germany plan calling for a lighting attack through Belgium and a quick defeat of France before turning on Russia Schlieffen plan
8%
Several hundred people stormed this symbol of the French monarchy The Bastille
8%
This was the main work of Marx and Engels The Communist Manifesto
8%
The treaty that ended the Seven Years War in Europe and the colonies in 1763 and ratified British Victory on all fronts Treaty of Paris
8%
This man started the Russian Revolution Vladimir Lenin
8%
Most famous philosophe who believed in deism and realizable equality. Voltaire
8%
Woodrow Wilson's 1918 peace proposal calling for open diplomacy, reduction in weaponry, freedom of commerce and trade, a League of Nations, and national self-determination 14 points
5%
Many nationalistic revolutions took place during this year 1848
5%
The British policy toward Germany prior to World War II that aimed at granting Hitler's territorial demands, including western Czechoslovakia, in order to avoid war Appeasement
5%
War fought from 1899-1902 in South Africa between the Boers and the British. The use of concentration camps for the first time were employed by the British. Boer War
5%
Lenin's radical, revolutionary arm of the Russian Party of Marxist socialism, which succesfully installed a dictatorial socialist regime in Russia Bolsheviks
5%
The middle-class minority who owned the means of production and exploited the working class Bourgeoisie
5%
Doctrine created by Brezhnev that held that the Soviet Union had the right to intervene in any east bloc country when necessary to preserve Communist Rule Brezhnev Doctrine
5%
This joint stock company took control of India after the Treaty of Paris British East India Company
5%
Northern Humanists, who interpreted Italian ideas about and attitudes toward classical antiquity and humanism in terms of their own religious traditions Christian humanists
5%
A political ideology that emphasized the preservation of traditional institutions, monarchy, and social hierarchies in Europe following the upheavals of the French Revolution and Napoleonic Wars. Conservatism
5%
Wide-ranging growth in consumption and new attitudes toward consumer goods that emerged in the cities of Northwestern Europe during the second half of the eighteenth century Consumer revolution
5%
A blockade imposed by Napoleon to halt all trade between continental Europe and Britain, thereby weakening the British economy and military. It failed Continental system
5%
A stage of industrial development in which rural workers used hand tools in their homes to manufacture goods on a large scale for sale in a market Cottage industry
5%
A conflict fought between 1853 and 1856 over Russian desires to expand into ottoman territory; Russia was defeated by France, Britain, and the Ottomans, underscoring the need for reform in the Russian Empire Crimean War
5%
The liberalization of the post-Stalin Soviet Union led by reformer Nikita Khrushchev de-Stalinization
5%
Important aspect of English Agricultural development that saw land be privatized Enclosure movement
5%
The concept created by Charles Darwin which stated that species evolve gradually and adjust to their environment Evolution
5%
A philosophy that stresses the meaningless of existence and the importance of the individual in searching for moral values in an uncertain world existentialism
5%
What was the third war in the fight to unify Germany Franco-Prussian War
5%
Scientist who theorized the law of Inertia. Which states that an object in motion will stay in motion without being acted on by external force. Galileo
5%
This man fought for the unification of Italy. through guerrilla Warfare Garibaldi
5%
Soviet Premier Gorbachev's popular campaign for openness in government and the media Glasnost
5%
A worldwide economic depression from 1929 to 1939, unique in its severity and duration with slow and uneven recovery Great Depression
5%
Churchill declared that an “_____ ________” had fallen across Europe dividing the soviets and the west Iron Curtain
5%
The nobility of Brandenburg and Prussia, who were reluctant allies of Frederick William in his consolidation of the Prussian State Junkers
5%
The wealthy peasants, who were stripped of land and livestock under Stalin and were generally not permitted to join collective farms; many were deported or starved Kulaks
5%
A permanent internation organization that was designed to protect member states from aggression and avert future wars League of Nations
5%
The principal ideas of this movement were equality and liberty; representative government and equality before the law; individuals freedoms Liberalism
5%
A group of handicraft workers who attacked factories in northern England in 1811 and after, smashing the new machines that they believed were putting them out of work Luddites
5%
This weapon gave the Europeans a massive advantage in combat versus the African peoples Machine gun
5%
This city was the center of Britain's industrialization Manchester
5%
American plan for providing economic aid to Western Europe to help it rebuild Marshall plan
5%
Dictator of Italy during the WW2 Era Mussolini
5%
This king was chosen in France after universal suffrage and popular support gave him three times as many votes as the other candidates Napoleon III
5%
The North Atlantic Treaty Organization, an anti-Soviet military alliance of Western Governments NATO
5%
A movement and political party driven by extreme nationalism and racism led by Hitler Nazi
5%
Conservative realpolitik whose ruthless and pragmatic leadership unified Germany Otto von Bismarck
5%
Lenin promised these three things to the people in return for support Peace, Land, Bread
5%
A series of treaties from 1713 to 1715 that ended the War of Spanish Succession, French expansion in Europe, and marked the rise of the British Empire Peace of Utrecht
5%
Policy created by Gorbachev that reformed the economy Perestroika
5%
The industrial working class who were unfairly exploited by the profit seeking middle class Proletariat
5%
The eighteenth-century system of rural industry in which a merchant loaned raw material to cottage workers, who processed them and returned the finished products to the merchants Putting-out system
5%
A literary movement that in context to romanticism stressed the depiction of life it actually was Realism
5%
Deliberative meetings of lords and wealthy urban residents that flourished in many European countries between 1250 and 1450 Representative assemblies
5%
An artistic movement that was in part a revolt against classicism and the enlightenment, characterized by a belief in emotional exuberance, imagination, and spontaneity in art and the personal life Romanticism
5%
A body of thought drawn from the ideas of Charles Darwin that applied evolution to human affairs and saw the human race as driven by an unending economic struggle that would determine the survival of the fittest Social Darwinism
5%
An order made by Ferdinand and Isabella of Spain which expelled all practicing Jews from Spain Spanish Inquisition
5%
This machine made textiles able to be factory produced Spinning Jenny
5%
James Watt created this, which allowed for faster transportation of goods Steam Engine
5%
Book that argues that the function of a ruler is to preserve order and security. (Need to name the title and author) The Prince by Machiavelli
5%
A war in which distinctions between soldiers and civilians are blurred, and where the government plans and controls economic and social life to supply armies with weapons and supplies Total war
5%
The 1919 peace settlement that ended war between Germany and the allied power Treaty of Versailles
5%
A type of fighting used in WW1 behind rows of trenches, mines, and barbed wire. This type of fighting caused increased death tolls and minimal territorial gains Trench Warfare
5%
The alliance of Austria, Germany, and Italy. Italy left the alliance when war broke out in 1914 on the grounds that Austria had launched a war of aggression Triple Alliance
5%
An article in the Treaty of Versailles that declared that Germany was soley responsible for the war ad had to pay reparations equal to all civilian damages caused by the war War guilt clause
5%
Soviet Backed military alliance of East Bloc Communist countries in Europe Warsaw Pact
5%
This was the name of the German state after WW1 Weimar Republic
5%
This group fought against the Bolsheviks in the Russian Civil war and were called the ______ Whites
5%
A movement dedicated to building a National Homeland in Israel, started by Theodor Herzl Zionism
5%
The theory of this ancient Greek stated that the earth was held in place by celestial crystal spheres and that the heavens were perfect Aristotle
3%
This event sparked WW1 after Gavrilo Princip, a member of the Serbian Nationalistic Terror group the Black Hand, caused this event Assassination of Franz Ferdinand
3%
What was the second war in the fight to unify Germany Austro-Prussian War
3%
These wars destabilized Europe, as the Ottoman Empire, the “Sick man of Europe", collapsed Balkan Wars
3%
The use of Western allied aircraft to supply Berlin through the air after Stalin closed the roads to Berlin, which would have led to forced starvation Berlin Airlift
3%
A meeting of European leaders held in 1884 and 1885 to lay down some basic rules for imperialistic competition in sub-Saharan Africa Berlin Conference
3%
Mussolini's private militia that destroyed social newspapers, union halls, and socialist party headquarters, eventually pushing socialists out of the city governments in northern Italy Black Shirts
3%
German lightning attack Blitzkrieg
3%
A massacre of peaceful protesters at the winder palace in St. Petersburg in 1905 that overturned the absolute tsarist rule, transforming the government into a constitutional monarchy Bloody Sunday
3%
View that monarchy was the best form of government, that all elements of society should serve the monarch, and that, in turn, the state should use its resources and authority to increase the public good Cameralism
3%
Descartes's view that all reality could ultimately be reduced to mind and matter Cartesian dualism
3%
For the first time, Tanks, Planes, and this controversial method of fighting were deployed in action during WW1 Chemical Warfare
3%
Center-Right political parties that rose to power in Western Europe after the Second Civil War Christian Democrats
3%
Awareness of belonging to a distinct social and economic class whose interests might with those of other classes Class-consciousness
3%
An economic organization of Communist states meant to help rebuild East Bloc countries under Soviet Auspices COMECON
3%
Sworn associations of free men in Italian cities led by merchant guilds that sought political and economic independence from local nobles. Created a merchant elite Communes
3%
British laws governing the import and export of grain which were revised in 1815 to prohibit the importation of foreign grain unless the price at home rose to improbable levels, thus benefiting the aristocracy but making food prices high for working people Corn Laws
3%
This building was the center of the Industrial fair that showed off Britain's industrial power. Also, a soccer team in the Premier League Crystal Palace
3%
An artistic movement of the 1920s and 1930s that attacked all accepted standards of art and behavior and delighted in outrageous conduct Dadaism
3%
Scottish Philosopher who emphasized civic morality and religious skepticism David Hume
3%
A 1924 agreement that addressed the issue of German reparations after World War I. It aimed to restructure Germany's reparation payments and stabilize its economy by providing loans and reorganizing the Reichsbank. Dawes Plan
3%
The postwar reversal of Europe's overseas expansion caused by the rising demand of the colonized peoples themselves, the declining power of European nations, and the freedoms promised by U.S. and Soviet Ideals Decolonization
3%
The progressive relaxation of Cold War tensions that emerged in the early 70s Détente
3%
A divisive case in which a Jewish military officer was found guilty of treason with little evidence. The Catholic Church sided with the Anti-Semites and after the man was declared innocent, the French Government severed all ties with the Catholic Church Dreyfus Affair
3%
The Russian parliament that opened in 1906, elected indirectly by universal male suffrage but controlled after 1907 by the tsar and the conservative classes Duma
3%
A belief in free trade and competition based on Adam Smith's argument that the invisible hand of free competition would benefit all individuals rich and poor Economic liberalism
3%
A theory of inductive reasoning that calls for acquiring evidence through observation and expirementation rather than deductive reason and speculation, created by Sir Francis Bacon Empiricism
3%
A system whereby the Spanish crown granted the conquerors the right to forcibly employ groups of natives in exchange for providing, food shelter, and Christian teachings. Conditions were normally harsh. Encomienda System
3%
A pseudoscientific doctrine saying the selective breeding of Human beings can improve the general characteristics of a national population, which helped inspire Nazi ideals about national unity and racial exclusion and ultimately contributed to the holocaust Eugenics
3%
A movement characterized by extreme, often expansionist nationalist, anti-socialism, a dynamic and violent leader, and glorification of war and the military Facism
3%
English laws passed from 1802 to 1833 that limited the workday of child laborers and set minimum hygiene and safety requirements Factory Acts
3%
Steady growing Industrial state due to the inability to easily access Coal France
3%
Prussian King who created the best European army Frederick I
3%
The principle that buildings, like industrial projects, should serves as well as possible the purpose for which they were made, without excessive ornamentation Functionalism
3%
The idea that the earth is the center of the universe Geocentric model
3%
The fear of noble reprisals against peasant uprisings that seized the French Countryside and led to further revolt Great Fear
3%
The idea that the sun, not the earth, was the center of the universe Heliocentric Model
3%
The systematic effort of the Nazi state to exterminate all Jews and other groups deemed racially inferior during the Second World War Holocaust
3%
The Weimar Republic suffered from this, which collapsed the German currency Hyperinflation
3%
A political club in revolutionary France whose members were well-educated radical republicans Jacobin Club
3%
This pact renounced war as an instrument of international policy Kellogg-Briand Pact
3%
This Austrian politician was the primary proponent of Conservatism Klemens von Metternich
3%
This king assumed the throne and assumed the title of “Citizen King” in 1830Reigned as a constitutional monarch, extended civil liberties & doubled the number of enfranchised Frenchmen (still just 5% of population). Louis Philippe
3%
This group in the Austro-Hungarian Empire gained virtual independence after restoring the countries 1848 constitution Magyars
3%
Philosophe who argued for a separation of powers in the “Persian Letters” Montesquieu
3%
The conference where the appeasement policy was formally put into place Munich Conference
3%
This French Civil code promulgated in 1804 that reasserted the 1789 principles of equality of all male citizens before the law and the absolute security of wealth and private property, as well as restricting rights accorded to women by the previous revolutionary laws Napoleonic Code
3%
A mercantilist policy in 1651 that required that English goods be transported on English Ships Navigation Act
3%
1960s counterculture movement that embraced updated forms of Marxism to challenge both Western Capitalism and Soviet-style communism New Left
3%
This philosopher said "god is dead' and was one of the fathers of existentialism Nietzsche
3%
Two mid-19th century conflicts between China and the UK over the British Trade in a certain drug. The wars were fought to “open” China to European free trade. Opium Wars
3%
This was formed in the French capital following their loss of the Franco-Prussian War. It was then brutally overthrown by the army. Paris Commune
3%
The army's violent suppression of a protest that took place at Saint Peter's Fields in Manchester in reaction to the revision of the Corn Laws Peterloo Massacre
3%
Disenfranchised common people in Italian cities who resented their exclusion from power Popolo
3%
This was caused by improvements in agriculture, living conditions (sewage and plumbing), and the Columbian exchange Population growth
3%
A period of political liberalization in Czechoslovakia, led by Alexander Dubček, that lasted from January 1968 until the Soviet-led Warsaw Pact invasion in August 1968. This period saw the introduction of reforms aimed at creating a “communism with a human face,” including freedoms of speech, press, and travel. Prague Spring
3%
Although Nationalism increased national unity, it also unfortunately led to much of this as people were divided on ethnic, national, and religious lines. Racism
3%
The guerilla army of Garibaldi who invaded Sicily in 1860 in an attempt to liberate it, winning the hearts of the Sicilian peasantry Red Shirts
3%
The burst of industrial creativity and technological innovation that promoted strong economic growth in the last third of the nineteenth Second Industrial Revolution
3%
Governments by one-man rule in Italian cities such as Milan; Also refers to these rulers Signori
3%
This conflict was the practice grounds for WW2, with the Nationalists fighting the republicans, a fascist victory set the tone for what would come in the next years Spanish Civil War
3%
Legislation passed in 1673 by English Parliament to secure the position of the Anglican Church by stripping puritans, catholics, and other dissenters of the right to vote, preach, assemble, hold office, and attend university. Test Act
3%
A book the sought to train, discipline, and fashion the young man into a gentleman. (Need to name the title and author) The Courtier by Castiglione
3%
This reaction to the violence of the Reign of Terror in 1794, resulting in the execution of Robespierre and the loosening of economic controls Thermidorian reaction
3%
The alliance of Great Britain, France, and Russia prior to and during WW1 Triple Entente
3%
America's policy geared to containing communism to those countries already under soviet control Truman Doctrine
3%
Mass _____________ was one of the most devastating effects of the Great Depression Unemployment
3%
The term given to the relatively peaceful overthrow of communism in Czechoslovakia, eventually came to signify the collapse of the eastern bloc in general Velvet Revolution
3%
The quality of being able to shape the world according to one's own will Virtu
3%
Causes of new-imperialism included economic motives, safeguarding strategic locations, but most famously the “______ ____ ________.” The idea that Europeans could and should civilize more primitive nonwhite peoples and that imperialism would give those people better standards of living White man's Burden
3%
Conference where the Allies determined the partition of Germany and the fate of Europe post WW2 Yalta Conference
3%
This was the name of the short period after which Napoleon escaped Elba and returned to France 100 days
0%
This British law limited the workday for women and young people in factories to ten hours 10 Hours Act of 1847
0%
These conditions made Britain able to Industrialize Abundant coal and food and high wages
0%
A 1917 British statement that declared British support of a National Home Jewish People in Israel Balfour Declaration
0%
A Germany interdisciplinary school of fine and applied arts that brought together many leading modern architechts, Bauhaus
0%
The revolutions of 1848 failed and governments reacted this way in the short term (politically) Became more conservative
0%
Nickname given to the Spanish regarding their cruelty in the new world Black legend
0%
These type of workers notoriously worked in factories Child workers
0%
The forcible consolidation of individual peasant farms into large state-controlled enterprises in the Soviet Union under Stalin Collectivization of Agriculture
0%
British laws passed in 1799 that outlawed unions and strikes, favoring capitalist business people over skilled artisans. Bitterly resented and widely disregarded by many craft guilds, the acts were repealed by Parliament in 1814 Combination Acts
0%
The European Economic Community, created by six western and central European countries in the West Bloc in 1957 as part of a larger search for European Unity. It was an early precursor to the EU Common Market
0%
Marriage based on romantic love and middle-class family values became increasingly dominant in the second half of the 19th century Companionate marriage
0%
This man fought for the unification of Italy through advocating for Piedmont Sardinia and a powerful European ally to unify the city states Count Cavour
0%
Main export of the New world to Europe (simple) Crops and wealth
0%
A form of serfdom that allowed a planter or rancher to keep his workers or slaves in perpetual debt bondage by periodically advancing, food, and a little money. Debt peonage
0%
“Liberty consists in being able to do anything that does not harm another people” radical work at the beginning of the French Revolution Declaration of the Rights of Man and of the Citizen
0%
Term used by Communist leaders to describe the socialist accomplishments of their societies, such as nationalized industry, collective agriculture, and social welfare programs Developed Socialism
0%
An act pushed through the Reichstag by the Nazis that gave Hitler absolute power for four years Enabling Act
0%
These 18th century monarchs who renounced their own authority and adopted ideals of rationalism, progress, and tolerance Enlightened Monarchs
0%
Unplanned uprising accompanied by violent street demonstrations begun in 1917 in Petrograd, Russia that led to the abdication of the tsar and the establishment of a provisional government February Revolutions
0%
A plan launched by Stalin in 1928 aimed at modernizing the Soviet Union and creating a new Communist Society Five-Year Plan
0%
A German working-class political party founded in the 1870s that championed Marxism in theory but in practice simply advocated for reform German Social Democratic Party (SPD)
0%
Fastest growing industrial states Germany and US
0%
The idea that disease was caused by the spread of living organisms that could be controlled Germ Theory
0%
A moderate group that fought for control of the French national Convention in1793 Girondists
0%
The empire over which Napoleon and his allies ruled, encompassing virtually all of Europe except GB and Russia Grand Empire
0%
A liberal plan for German National Unification that included the German-speaking parts of the Austrian empire put forth at the national parliament in 1848 but rejected by Frederick Wilhelm IV Greater Germany
0%
Result of four years of potato crop failure in Ireland Great Famine
0%
The removal of party administrators and old Bolsheviks who were “against Stalin” Great Purge
0%
The use of military force to coerce a government into economic or political agreements Gunboat diplomacy
0%
Enormous tracts of farmland worked by dependent indigenous laborers and slaves Haciendas
0%
The Jewish Enlightenment led by Moses Mendelssohn, which led to increased tolerance Haskalah
0%
Forced Starvation of Millions in Ukraine Holodomor
0%
An alliance formed by the conservatism rulers of Austria, Prussia, and Russia in September 1815 that became a symbol of the repression of liberal and revolutionary movements Holy Alliance
0%
Inspired by nationalistic movements across Europe, these people began their own independence movement in the 1880s, although they didn't get independence until after WW1. Irish/Ireland
0%
Issued in 1819, these repressive regulations were designed to uphold Metternich's conservatism, requiring the German states to root out subversive ideas and squash liberal organizations Karlsbad Decrees
0%
Bismarck's attack on the Catholic Church within Germany from 1870 to 1878 Kulturkampf
0%
The highly skilled workers, such as factory foreman and construction bosses, who made up 15% of the working classes from about 1850-1914 Labor Aristorcracy
0%
A doctrine of Economic liberalism that calls for unrestricted private enterprise and no government interference in the economy Laissez-faire
0%
Italian agreement that recognized the Vatican as an independent state, in return for support from the Pope Lateran Agreement
0%
Characterized by the establishment of a constitutional monarchy and the implementation of reforms inspired by Enlightenment ideals. Liberal Phase of the French Revolution
0%
A philosophy that sees meaning in only those beliefs that can be empirically proven, and that therefore rejects most of the concerns of traditional philosophy, from the existence of God to the meaning of happiness, as nonsense Logical Positive
0%
Basis for the formation of the European Union Maastricht Treaty
0%
The plan to allow Britain and France to administer former ottoman territories, put into place after WW1 Mandate System
0%
This author demanded equal rights for women during the French Revolution Mary Wollstonecraft
0%
The restoration of the Japanese emperor to power in 1867, leading to the subsequent modernization of Japan Meiji Restoration
0%
This name refers to mixed race children of indigenous/slaves and white colonizers in the Spanish colonies Mestizos
0%
Italian city states, which controlled the European spice trade Milan and Genoa
0%
English law prohibiting underground work for all women and girls as well as boys under ten Mines Act of 1842
0%
A label given to the artistic and cultural movements of the late 19th century and early 20th century, which were typified by radical experimentation that challenged traditional forms of artistic expression Modernism
0%
This crisis brought together Britain, France, and Russia Moroccan Crisis
0%
Policies and beliefs, often influenced by nationalism, scientific racism, and mass migration, that gave preferential treatment to established inhabitants over immigrants Nativism
0%
A postcolonial system to perpetuates Western economic exploitation in former colonial territories Neocolonialsm
0%
Settler colonies with established populations like North America, Australia, New Zealand and Latin America, where Europe found outlets for population growth and its most profitable investment opportunities Neo-Europes
0%
Philosophy of the 1980s conservatives who argued for privatization of state-run industries and decreased government spending on social services Neoliberalism
0%
Lenin's 1921 policy to reestablish limited economic freedom in an attempt to rebuild agriculture and industry in the face of economic disintegration New Economic Plan (NEP)
0%
The late-19th century drive by European countries to create vast political empires abroad. New-imperialism
0%
A time of scientific discovery from the likes of Curie, Einstein, and Heisenberg New physics
0%
This was signed between Russia and Germany, dividing Poland Nonaggression Pact
0%
Policy of postcolonial governments to remain neutral in the Cold War and play both the United States and Soviet Union for what they could get nonalignment
0%
The Organization of petroleum Exporting Countries OPEC
0%
A term used to describe the way Westerners misunderstood and described colonial subjects and cultures Orientalism
0%
German for Willy Brandt's new Eastern policy. West Germany's attempt in the 70s to ease diplomatic tensions with East Germany, exemplifying the policies of détente Ostpolitik
0%
A bill proposed by the liberal Party in the UK, which tried to increase the welfare state People's Budget
0%
A huge, fluctuating mass of two to three thousand workers, soldiers, and socialist intellectuals modeled on the revolutionary Soviets of 1905 Petrograd Soviet
0%
A protestant revival movement in early-eighteenth-century Germany and Scandinavia that emphasized a warm and emotional region, the priesthood of all believers, the and the power of Christian rebirth in everyday affairs Pietism
0%
A short-lived New-Deal inspired alliance in France that encouraged the union movement and launched a far-reaching program of social reform Popular Front
0%
The transformation of large numbers of peasant farmers into landless rural wage earners Proletarianization
0%
Classical knowledge of maps and longitude and latitude that was reintroduced in 1410 to Europeans. It allowed cartographers to create more accurate maps. Ptolemy's Geography
0%
This term was coined by the allies to dehumanize the actions of Germany in its attack on Belgium Rape of Belgium
0%
A major British political reform that increased the number of male voters by about 50 percent and gave political representation to new industrial areas Reform Bill of 1832
0%
The popularly elected lower house of government of the German Empire after 1871 Reichstag
0%
An effort by moderate socialists to update Marxist doctrines to reflect the realities of the late 19th century Revisionism
0%
Philosophe who challenged rationalism and influenced the romantic movement Rousseau
0%
The laboring poor of Paris, so called because the men wore trousers instead of the knee breeches of the aristocracy and middle class; the word came to refer to the militant radicals of the city Sans-Culottes
0%
This helped the Scandinavian countries deal with the Great Depression. It grew out of a strong tradition of cooperative community. Scandinavian Socialism
0%
What was the first war in the fight to unify Germany Schleswig-Holstein War
0%
From 1792 to 1795, the second phase of the French Revolution, during which the fall of the French monarchy introduced a rapid radicalization. Radical Phase of the French Revolution. Second Revolution
0%
The idea that all human ideas and thoughts are produced as a result of sensory impressions. Sensationalism
0%
A gender division of labor with the wife at home as mother and homemaker and the husband as wage earner Separate schools
0%
The 19th century gendered division of labor and lifestyles that cast men as breadwinners and women as homemakers Separate spheres
0%
This uprising in India fought against imperialism Sepoy Rebellion
0%
A backlash against the emergence of individualism and the fragmentation of industrial society, and a move toward cooperation and a sense of community; the key ideas were economic planning, greater social equality, and state regulation of property Socialism
0%
Martin Luther's main belief (4 words) Sola fide, Sola scriptura
0%
Executive office of each estate of the Netherlands Stadholder
0%
Term coined in the early 1980s to describe the combination of low growth and high inflation that led to a worldwide recession Stagflation
0%
A militant movement for women's right to vote led by middle class women around 1900 Suffrage movement
0%
Poorly paid handicraft production, often carried out by married women paid by the piece and working at home Sweated industries
0%
One economic technique that supports and aids its own economy by laying high taxes on imported from other countries, as when the French responded to cheaper British goods flooding their country by imposing high taxis on imported products Tariffs
0%
Led by Robespierre, the French National Convention's radical faction, which seized legislative power in 1793 The Mountain
0%
Where was the official unification of Germany The Palace of Versailles
0%
The Balkans were called this before WW1 The powder keg of Europe
0%
A radical dictatorship that excises “total claims” over the beliefs and behaviors of the economic, social, intellectual, and cultural aspects of a society Totalitarianism
0%
The alliance of seven northern provinces led by Holland that declared its independence from Spain and formed the Netherlands Union of Utrecht
0%
During the Industrial Revolution, big cities were plagued with unhealthy and overcrowded _____ __________ Urban Conditions
0%
The idea of Jeremy Bentham that social policies should promote the greatest good for the greatest number Utilitarianism
0%
The application of centralized state governments during the Russian civil war, in which the Bolsheviks seized grain from peasants, introduced rationing, nationalized all banks and industry, and required everyone to work War Communism
0%
Water powered machine that required a more specialized well to make textiles Water Frame
0%
These two things were the main cause of Napoleon's failed invasion of Russia Winter and starvation
0%
A customs union, formed in 1834, is the treaty that facilitated trade between Prussian states and other German states. It created a free-trade area, a common external tariff, and a revenue-sharing mechanism. Zollverein Agreement
0%
No matching quizzes found
Score Distribution
Percent of People with Each Score
Percentile by Number Answered
Your Score History
You have not taken this quiz since the last reset